Analytický model štátnych rozpočtov ČSSR výdavková časť ŠPEV V-4/3.2 : čiastková úloha

Guardado en:
Detalles Bibliográficos
Autor principal: Letenayová, M.
Formato: Libro
Lenguaje:eslovaco
Publicado: Bratislava Výskumný ústav finančnej a úverovej sústavy 1979
Colección:Výskumné práce 5/79
Etiquetas: Agregar Etiqueta
Sin Etiquetas, Sea el primero en etiquetar este registro!

MARC

LEADER 00000nam a2200000 4500
001 0220639
005 20240822101658.1
041 0 |a slo 
044 |a SK 
245 1 0 |a Analytický model štátnych rozpočtov ČSSR  |b výdavková časť ŠPEV V-4/3.2 : čiastková úloha  |c M. Letenayová 
264 1 |a Bratislava  |b Výskumný ústav finančnej a úverovej sústavy  |c 1979 
300 |a 57 s. 
490 1 |a Výskumné práce  |v 5/79 
830 0 |a Výskumné práce  |v 5/79 
100 1 |a Letenayová, M.